Forecast of demand throught the differential description of their effects

Popisovaná metóda plánovania dopytu po produkte (službe) vychádza z Porterových konkurenčných síl odvetví. Je založená na deterministickom popise jednotlivých faktorov, ktoré ovplyvňujú dopyt v čase. Jej najväčšou prednosťou je, že k predpovedi dopytu nie je nutné poznať chovanie predpovedanej velič...

Descrizione completa

Salvato in:
Dettagli Bibliografici
Autore principale: Hron, Jan
Altri autori: Macák, Tomáš
Natura: Capitolo di libro
Lingua:inglese
Soggetti:
Tags: Aggiungi Tag
Nessun Tag, puoi essere il primo ad aggiungerne!!

MARC

LEADER 00000naa$a2200000$$$4500
001 0114756
005 20231129065842.9
041 0 |a eng 
044 |a CZ 
245 1 0 |a Forecast of demand throught the differential description of their effects  |c Jan Hron, Tomáš Macák 
520 |a Popisovaná metóda plánovania dopytu po produkte (službe) vychádza z Porterových konkurenčných síl odvetví. Je založená na deterministickom popise jednotlivých faktorov, ktoré ovplyvňujú dopyt v čase. Jej najväčšou prednosťou je, že k predpovedi dopytu nie je nutné poznať chovanie predpovedanej veličiny v retrospektívnom období. 
610 2 0 |a dopyt 
610 2 0 |a produkty 
610 2 0 |a služby 
610 2 0 |a prognózy 
610 2 0 |a čas 
610 2 0 |a podnik 
100 1 |a Hron, Jan 
700 1 |a Macák, Tomáš